000 00315nam a22001457a 4500
008 210603b ||||| |||| 00| 0 eng d
020 _a9780205876655
041 _aeng
080 _24th
_a371
082 _a371
100 _a46
101 _aEDU
245 _aThe Curious Writer
_cBallenger,B
942 _2udc
_cBK
999 _c57934
_d57934